Combien de ville du Tarn et Garonne (82) connais-tu ? - Statistiques

Statistiques générales
  • Ce quiz a été pris 19 fois
  • Le résultat moyen est 39 sur 195
Statistiques - réponses
Code postal Ville % Correct
82015 Moissac
92%
82013 Montauban
92%
82100 Castelsarrasin
85%
82710 Bressols
77%
82350 Albias
69%
82300 Caussade
69%
82015 Grisolles
69%
82290 Montbeton
69%
82700 Montech
69%
82500 Beaumont-de-Lomagne
62%
82370 Labastide-Saint-Pierre
62%
82130 Lafrançaise
62%
82230 Monclar-de-Quercy
62%
82800 Nègrepelisse
62%
82410 Saint-Étienne-de-Tulmont
62%
82370 Saint-Nauphary
62%
82400 Valence
62%
82160 Caylus
54%
82290 La Ville-Dieu-du-Temple
54%
82700 Montbartier
54%
82140 Saint-Antonin-Noble-Val
54%
82340 Auvillar
46%
82250 Laguépie
46%
82360 Lamagistère
46%
82130 Lamothe-Capdeville
46%
82440 Réalville
46%
82210 Saint-Nicolas-de-la-Grave
46%
82290 Albefeuille-Lagarde
38%
82800 Bioule
38%
82800 Bruniquel
38%
82240 Cayriech
38%
82370 Corbarieu
38%
82170 Dieupentale
38%
82340 Dunes
38%
82400 Golfech
38%
82230 La Salvetat-Belmontet
38%
82340 Le Pin
38%
82130 L'Honor-de-Cos
38%
82440 Mirabel
38%
82220 Molières
38%
82300 Monteils
38%
82270 Montpezat-de-Quercy
38%
82170 Pompignan
38%
82370 Reyniès
38%
82300 Saint-Cirq
38%
82700 Saint-Porquier
38%
82240 Septfonds
38%
82800 Vaïssac
38%
82600 Aucamville
31%
82390 Durfort-Lacapelette
31%
82700 Escatalens
31%
82230 Génébrières
31%
82220 Labarthe
31%
82100 Labastide-du-Temple
31%
82150 Lauzerte
31%
82230 Léojac
31%
82130 Montastruc
31%
82130 Piquecos
31%
82300 Saint-Vincent-d'Autéjac
31%
82600 Verdun-sur-Garonne
31%
82370 Villebrumier
31%
82700 Bourret
23%
82170 Canals
23%
82100 Castelferrus
23%
82170 Fabas
23%
82700 Finhan
23%
82190 Lacour
23%
82290 Lacourt-Saint-Pierre
23%
82500 Larrazet
23%
82170 Monbéqui
23%
82800 Montricoux
23%
82220 Puycornet
23%
82210 Saint-Arroumex
23%
82500 Auterive
15%
82170 Bessens
15%
82210 Castelmayran
15%
82110 Cazes-Mondenard
15%
82100 Garganvillar
15%
82120 Lavit
15%
82100 Les Barthes
15%
82200 Lizac
15%
82200 Malause
15%
82290 Meauzac
15%
82150 Montaigu-de-Quercy
15%
82270 Montalzat
15%
82270 Montfermier
15%
82370 Nohic
15%
82370 Orgueil
15%
82240 Puylaroque
15%
82160 Saint-Projet
15%
82330 Varen
15%
82370 Varennes
15%
82130 Villemade
15%
82210 Angeville
8%
82120 Asques
8%
82220 Auty
8%
82340 Bardigues
8%
82600 Beaupuy
8%
82500 Belbèze-en-Lomagne
8%
82200 Boudou
8%
82190 Bourg-de-Visa
8%
82190 Brassac
8%
82370 Campsas
8%
82400 Castelsagrat
8%
82210 Caumont
8%
82440 Cayrac
8%
82140 Cazals
8%
82600 Comberouger
8%
82500 Cumont
8%
82340 Donzac
8%
82400 Espalais
8%
82500 Esparsac
8%
82160 Espinas
8%
82210 Fajolles
8%
82190 Fauroux
8%
82400 Gasques
8%
82500 Gimat
8%
82500 Glatens
8%
82500 Goas
8%
82400 Goudourville
8%
82100 Lafitte
8%
82500 Lamothe-Cumont
8%
82160 Loze
8%
82120 Mansonville
8%
82600 Mas-Grenier
8%
82210 Merles
8%
82110 Montagudet
8%
82200 Montesquieu
8%
82400 Montjoi
8%
82160 Mouillac
8%
82160 Parisot
8%
82400 Perville
8%
82400 Pommevic
8%
82150 Roquecor
8%
82100 Saint-Aignan
8%
82110 Saint-Amans-de-Pellagal
8%
82400 Saint-Clair
8%
82110 Sainte-Juliette
8%
82340 Saint-Loup
8%
82190 Saint-Nazaire-de-Valentane
8%
82400 Saint-Paul-d'Espis
8%
82600 Saint-Sardos
8%
82400 Saint-Vincent-Lespinasse
8%
82600 Savenès
8%
82340 Sistels
8%
82190 Touffailles
8%
82150 Valeilles
8%
82220 Vazerac
8%
82230 Verlhac-Tescou
8%
82120 Balignac
0%
82290 Barry-d'Islemade
0%
82150 Belvèze
0%
82600 Bouillac
0%
82110 Bouloc-en-Quercy
0%
82160 Castanet
0%
82120 Castéra-Bouzet
0%
82700 Cordes-Tolosannes
0%
82210 Coutures
0%
82500 Escazeaux
0%
82500 Faudoas
0%
82140 Féneyrols
0%
82500 Gariès
0%
82120 Gensac
0%
82330 Ginals
0%
82120 Gramont
0%
82240 Labastide-de-Penne
0%
82100 Labourgade
0%
82160 Lacapelle-Livron
0%
82120 Lachapelle
0%
82240 Lapenche
0%
82240 Lavaurette
0%
82500 Le Causé
0%
82500 Marignac
0%
82120 Marsac
0%
82500 Maubec
0%
82120 Maumusson
0%
82190 Miramont-de-Quercy
0%
82100 Montaïn
0%
82110 Montbarla
0%
82120 Montgaillard
0%
82120 Poupas
0%
82120 Puygaillard-de-Lomagne
0%
82800 Puygaillard-de-Quercy
0%
82160 Puylagarde
0%
82150 Saint-Amans-du-Pech
0%
82150 Saint-Beauzeil
0%
82340 Saint-Cirice
0%
82240 Saint-Georges
0%
82120 Saint-Jean-du-Bouzet
0%
82340 Saint-Michel
0%
82110 Sauveterre
0%
82500 Sérignac
0%
82110 Tréjouls
0%
82330 Verfeil
0%
82500 Vigueron
0%
Aucun quiz correspondant
Distribution des résultats
% des personnes avec chaque résultat
Percentile par nombre de réponses
Votre historique - résultats
Vous n’avez pas pris ce quiz